[Event "I Memorial Oliver Gonzalez Somoza"]
[Site "Madrid ESP"]
[Date "2010.10.12"]
[Round "4.16"]
[White "Aziz Ortego, Omar Luis"]
[Black "Candela Perez, Jose"]
[Result "0-1"]
[WhiteElo "2080"]
[BlackElo "2390"]
[PlyCount "46"]
[EventDate "2010.10.09"]
[EventType "swiss"]
[EventRounds "9"]
[EventCountry "ESP"]
[Source "lmi"]
[SourceDate "2010.10.09"]

1. e4 c5 2. Nf3 d6 3. d4 cxd4 4. Nxd4 Nf6 5. Nc3 a6 6. Bc4 e6 7. Bb3 Nbd7 8.
O-O Nc5 9. Re1 Be7 10. f4 O-O 11. Kh1 Qc7 12. f5 b5 13. fxe6 fxe6 14. Bg5 Kh8
15. Bh4 Nfxe4 16. Rxe4 Nxe4 17. Nxe4 Bxh4 18. Bxe6 Bb7 19. Qg4 Bf6 20. Nxf6
Rxf6 21. Bf5 Qf7 22. h4 Rf8 23. Re1 h5 0-1

[Event "I Memorial Oliver Gonzalez Somoza"]
[Site "Madrid ESP"]
[Date "2010.10.12"]
[Round "4.17"]
[White "Montañes Arribas, Adrian"]
[Black "Taboas Rodriguez, Daniel"]
[Result "1-0"]
[WhiteElo "2114"]
[BlackElo "2381"]
[PlyCount "69"]
[EventDate "2010.10.09"]
[EventType "swiss"]
[EventRounds "9"]
[EventCountry "ESP"]
[Source "lmi"]
[SourceDate "2010.10.09"]

1. e4 e6 2. d4 d5 3. Nc3 Nf6 4. Bg5 Be7 5. e5 Nfd7 6. Bxe7 Qxe7 7. f4 a6 8. Nf3
c5 9. Qd2 Nc6 10. dxc5 Nxc5 11. Bd3 b5 12. O-O b4 13. Ne2 O-O 14. Ned4 Nxd4 15.
Nxd4 a5 16. a3 bxa3 17. Rxa3 a4 18. Rfa1 f6 19. Qe3 Bd7 20. Nf3 Rab8 21. exf6
gxf6 22. Qd4 Qd6 23. Re1 Nxd3 24. Rxd3 Rb4 25. c4 Bb5 26. Nd2 Ba6 27. Rde3 Bc8
28. Qc3 d4 29. Rg3+ Kh8 30. Qa3 Qb8 31. Ne4 Rf7 32. Qd3 e5 33. fxe5 Rxb2 34.
Nxf6 Rg7 35. Qxh7+ 1-0

[Event "I Memorial Oliver Gonzalez Somoza"]
[Site "Madrid ESP"]
[Date "2010.10.12"]
[Round "4.18"]
[White "Gallardo Garcia, Andres"]
[Black "Garcia Diaz, Victor Manuel"]
[Result "0-1"]
[WhiteElo "2373"]
[BlackElo "2108"]
[PlyCount "70"]
[EventDate "2010.10.09"]
[EventType "swiss"]
[EventRounds "9"]
[EventCountry "ESP"]
[Source "lmi"]
[SourceDate "2010.10.09"]

1. e4 d5 2. exd5 Nf6 3. Bb5+ Nbd7 4. Nf3 Nxd5 5. O-O c6 6. Bc4 N7b6 7. Bb3 Bg4
8. d4 e6 9. Nbd2 Be7 10. c3 g5 11. Ne4 h6 12. Ng3 h5 13. h3 Bxf3 14. Qxf3 g4
15. hxg4 hxg4 16. Qxg4 Qd7 17. Qf3 O-O-O 18. c4 Nf6 19. Rd1 Rdg8 20. Bf4 Rh4
21. a4 a5 22. Rac1 Rgh8 23. Be5 R8h6 24. d5 Ne4 25. Qxf7 Nxg3 26. Qg8+ Qd8 27.
Qxd8+ Kxd8 28. dxc6+ Ke8 29. fxg3 Bc5+ 30. Kf1 Re4 31. Bd4 Bxd4 32. Rxd4 Rxd4
33. cxb7 Nd7 34. Ke2 Kd8 35. c5 Kc7 0-1

[Event "I Memorial Oliver Gonzalez Somoza"]
[Site "Madrid ESP"]
[Date "2010.10.12"]
[Round "4.21"]
[White "Lara Granero, Bio"]
[Black "Cueto, Johnny"]
[Result "1-0"]
[WhiteElo "2036"]
[BlackElo "2301"]
[PlyCount "95"]
[EventDate "2010.10.09"]
[EventType "swiss"]
[EventRounds "9"]
[EventCountry "ESP"]
[Source "lmi"]
[SourceDate "2010.10.09"]

1. e4 c5 2. f4 d5 3. Nc3 d4 4. Nce2 Nc6 5. Ng3 g6 6. Nf3 Bg4 7. h3 Bxf3 8. Qxf3
e5 9. Bc4 exf4 10. Qxf4 Qf6 11. Qxf6 Nxf6 12. O-O Bg7 13. d3 O-O 14. Bf4 Ne8
15. Rae1 Be5 16. Ne2 Kg7 17. Rf2 Nd6 18. Bd5 Rae8 19. a3 f5 20. Ref1 Bxf4 21.
Nxf4 Nd8 22. g4 fxe4 23. dxe4 b6 24. e5 N6f7 25. e6 Ng5 26. Kg2 Rxf4 27. Rxf4
Ngxe6 28. Bxe6 Rxe6 29. g5 Re7 30. h4 Nf7 31. c3 d3 32. Rd1 Rd7 33. c4 h6 34.
gxh6+ Nxh6 35. Rf3 d2 36. Rf2 Rd4 37. Rdxd2 Rxc4 38. Rd7+ Kg8 39. Rxa7 Nf5 40.
Re2 Kf8 41. h5 Rg4+ 42. Kf2 gxh5 43. Re6 Ng7 44. Rf6+ Kg8 45. Rxb6 Kh7 46. a4
h4 47. Rbb7 Kh6 48. Rxg7 1-0

[Event "I Memorial Oliver Gonzalez Somoza"]
[Site "Madrid ESP"]
[Date "2010.10.12"]
[Round "4.23"]
[White "Madina Yadarola, Martin"]
[Black "Garcia Ruido, Ricardo"]
[Result "1-0"]
[WhiteElo "2254"]
[BlackElo "2061"]
[PlyCount "81"]
[EventDate "2010.10.09"]
[EventType "swiss"]
[EventRounds "9"]
[EventCountry "ESP"]
[Source "lmi"]
[SourceDate "2010.10.09"]

1. e4 c5 2. Nf3 d6 3. c4 Nf6 4. Nc3 Bg4 5. Be2 Nc6 6. Ng1 Bc8 7. d3 g6 8. g4
Bg7 9. g5 Nd7 10. f4 Nd4 11. Nf3 Nxf3+ 12. Bxf3 Nb8 13. Ne2 Nc6 14. O-O e6 15.
Rb1 O-O 16. Be3 Qc7 17. b3 Nd4 18. Nxd4 cxd4 19. Bd2 f5 20. exf5 gxf5 21. Qe2
Bd7 22. b4 Rae8 23. b5 b6 24. Bb4 Bc8 25. a4 Kh8 26. Ra1 a5 27. bxa6 Bxa6 28.
a5 b5 29. cxb5 Bxb5 30. Rfc1 Qd7 31. a6 Bxa6 32. Rxa6 Qb5 33. Ra7 Qxb4 34. Rcc7
Rg8 35. Bh5 Qb1+ 36. Qf1 Qxf1+ 37. Kxf1 Rc8 38. Re7 e5 39. Bf7 exf4 40. Bxg8
Rxg8 41. h4 1-0

[Event "I Memorial Oliver Gonzalez Somoza"]
[Site "Madrid ESP"]
[Date "2010.10.12"]
[Round "4.24"]
[White "Martinez Rodriguez, Pablo"]
[Black "Cabañas Bravo, Juan Andres"]
[Result "1-0"]
[WhiteElo "2239"]
[BlackElo "2049"]
[PlyCount "131"]
[EventDate "2010.10.09"]
[EventType "swiss"]
[EventRounds "9"]
[EventCountry "ESP"]
[Source "lmi"]
[SourceDate "2010.10.09"]

1. Nf3 Nf6 2. c4 g6 3. Nc3 d5 4. cxd5 Nxd5 5. g3 Bg7 6. Bg2 Nxc3 7. bxc3 c5 8.
O-O Qa5 9. Qb3 O-O 10. d4 Nd7 11. Bf4 cxd4 12. cxd4 Qa6 13. Rac1 Nb6 14. Rc5
Be6 15. d5 Bd7 16. Ne5 Ba4 17. Qe3 g5 18. Bxg5 f6 19. Bh6 Bxh6 20. Qxh6 fxe5
21. Qg5+ Kh8 22. Qxe5+ Rf6 23. Qxe7 Raf8 24. Rc7 R8f7 25. Qe5 Nd7 26. Qb2 Kg8
27. Rxb7 Rf8 28. Rb4 Nb6 29. e4 h5 30. e5 Rf5 31. Be4 Rg5 32. e6 Nxd5 33. Rb7
Nf6 34. e7 Re8 35. Qd4 Bb5 36. Rxa7 Qe6 37. Re1 Kg7 38. Re3 Re5 39. Bf5 Rd5 40.
Bxe6 Rxd4 41. Re5 Bc6 42. Bb3 Re4 43. Rxe4 Nxe4 44. Rc7 Bb5 45. a4 Be2 46. Bd5
Nd2 47. Bc6 Nf3+ 48. Kg2 Ne1+ 49. Kh3 Bg4+ 50. Kh4 Kf6 51. h3 Nf3+ 52. Bxf3
Bxf3 53. a5 Rxe7 54. Rxe7 Kxe7 55. Kg5 Kd6 56. g4 hxg4 57. hxg4 Kc6 58. Kf4 Be2
59. g5 Kb5 60. Ke5 Kxa5 61. g6 Kb6 62. Kd6 Kb7 63. f4 Kc8 64. Ke7 Kc7 65. f5
Kc6 66. f6 1-0

[Event "I Memorial Oliver Gonzalez Somoza"]
[Site "Madrid ESP"]
[Date "2010.10.12"]
[Round "4.25"]
[White "Solaesa Navalpotro, Luis Julio"]
[Black "Madurga Lopez, Ignacio"]
[Result "1-0"]
[WhiteElo "2227"]
[BlackElo "2010"]
[PlyCount "57"]
[EventDate "2010.10.09"]
[EventType "swiss"]
[EventRounds "9"]
[EventCountry "ESP"]
[Source "lmi"]
[SourceDate "2010.10.09"]

1. d4 d6 2. Nf3 g6 3. c4 Bg7 4. Nc3 Nf6 5. Bf4 Nh5 6. Bc1 O-O 7. g3 Nd7 8. Bg2
e5 9. O-O exd4 10. Nxd4 a6 11. e4 Rb8 12. a4 Re8 13. Be3 Ne5 14. b3 Ng4 15. Bc1
c5 16. Nde2 b5 17. axb5 axb5 18. cxb5 Bd7 19. h3 Bxb5 20. hxg4 Bxe2 21. Qxe2
Bxc3 22. Ra7 Qb6 23. Ra6 Nxg3 24. fxg3 Qxb3 25. Rxd6 c4 26. Rf3 Rbd8 27. Rxd8
Rxd8 28. Kh2 Rd1 29. Rxc3 1-0

[Event "I Memorial Oliver Gonzalez Somoza"]
[Site "Madrid ESP"]
[Date "2010.10.12"]
[Round "4.27"]
[White "Hernandez Yañez, Javier"]
[Black "Pastor Alonso De Prado, Emilio A"]
[Result "1-0"]
[WhiteElo "1955"]
[BlackElo "2199"]
[PlyCount "118"]
[EventDate "2010.10.09"]
[EventType "swiss"]
[EventRounds "9"]
[EventCountry "ESP"]
[Source "lmi"]
[SourceDate "2010.10.09"]

1. d4 d5 2. Bf4 c5 3. c3 Qb6 4. Qb3 Nc6 5. Qxb6 axb6 6. e3 c4 7. Nf3 Bf5 8.
Nbd2 b5 9. Be2 Nf6 10. O-O b4 11. Ne5 bxc3 12. bxc3 e6 13. g4 Bc2 14. Rfc1 Ba4
15. Ndf3 Ne4 16. Nxc6 Bxc6 17. Ng5 Nf6 18. f3 Ba3 19. Rcb1 b5 20. Be5 Ke7 21.
Nh3 Ne8 22. Nf2 f6 23. Bg3 h5 24. gxh5 f5 25. e4 Nf6 26. exf5 exf5 27. Bf1 Kf7
28. Nh3 Nxh5 29. Ng5+ Kg6 30. Ne6 Ra7 31. Nf4+ Nxf4 32. Bxf4 Re8 33. Kf2 Kh5
34. Be5 g5 35. Be2 Kg6 36. f4 g4 37. h3 Rh7 38. hxg4 Rh2+ 39. Ke3 Rh3+ 40. Kd2
fxg4 41. Bxg4 Rd3+ 42. Kc2 b4 43. Rg1 Ba4+ 44. Kb1 Rxe5 45. fxe5 bxc3 46. Bd1+
Kf7 47. Bxa4 Rd2 48. Bc2 Rxd4 49. Bg6+ Ke6 50. Kc2 Bb2 51. Rad1 Rh4 52. Rgf1
Rh2+ 53. Kb1 Ba3 54. Rf6+ Kxe5 55. Rf5+ Ke6 56. Rfxd5 Rb2+ 57. Ka1 c2 58. Bf5+
Kf6 59. Rf1 Kg7 1-0

[Event "I Memorial Oliver Gonzalez Somoza"]
[Site "Madrid ESP"]
[Date "2010.10.12"]
[Round "4.28"]
[White "Ballesteros Gonzalez, David"]
[Black "Tolosana Esteban, Enrique"]
[Result "1-0"]
[WhiteElo "2196"]
[BlackElo "1772"]
[PlyCount "61"]
[EventDate "2010.10.09"]
[EventType "swiss"]
[EventRounds "9"]
[EventCountry "ESP"]
[Source "lmi"]
[SourceDate "2010.10.09"]

1. d4 Nf6 2. c4 e6 3. Nc3 Bb4 4. e3 Bxc3+ 5. bxc3 d6 6. Bd3 Nbd7 7. e4 h6 8. f4
e5 9. fxe5 dxe5 10. Nf3 O-O 11. O-O Re8 12. Qe2 b6 13. Ba3 Bb7 14. d5 Ba6 15.
Nd2 Nc5 16. Bxc5 bxc5 17. Qf2 Qe7 18. Nb3 Nd7 19. Na5 Nb6 20. Qe2 Na4 21. Rf2
Qg5 22. Raf1 f6 23. Qc2 Nb6 24. Kh1 Rf8 25. Rf5 Qe3 26. R5f3 Qg5 27. Rg3 Qh4
28. Qe2 Bc8 29. Nb3 Na4 30. Qf2 Nxc3 31. Rxg7+ 1-0

[Event "I Memorial Oliver Gonzalez Somoza"]
[Site "Madrid ESP"]
[Date "2010.10.12"]
[Round "4.29"]
[White "Rodriguez Dorado, Victor Manuel"]
[Black "Suarez Uriel, Adrian"]
[Result "0-1"]
[WhiteElo "1923"]
[BlackElo "2180"]
[PlyCount "86"]
[EventDate "2010.10.09"]
[EventType "swiss"]
[EventRounds "9"]
[EventCountry "ESP"]
[Source "lmi"]
[SourceDate "2010.10.09"]

1. c4 e5 2. Nc3 Nf6 3. Nf3 Nc6 4. g3 Bb4 5. Bg2 Bxc3 6. dxc3 O-O 7. O-O d6 8.
b3 h6 9. Ba3 Qe7 10. Ne1 e4 11. Nc2 Ne5 12. Ne3 Neg4 13. Qd4 Nxe3 14. Qxe3 Qe5
15. Qd4 Qh5 16. e3 Bh3 17. Qd1 Ng4 18. Qd5 Qxd5 19. cxd5 Bxg2 20. Kxg2 Ne5 21.
c4 f5 22. Bb2 Nd3 23. Bd4 g5 24. f4 gxf4 25. gxf4 Kf7 26. Kh3 Rg8 27. a3 Rg4
28. Ra2 Rag8 29. b4 a6 30. Rc2 c6 31. dxc6 bxc6 32. Bb6 Rg1 33. Rxg1 Rxg1 34.
Bd4 Ne1 35. Rc1 Rf1 36. Rxe1 Rxe1 37. a4 Rb1 38. b5 cxb5 39. cxb5 axb5 40. a5
Rb3 41. a6 Ra3 42. a7 b4 43. Kh4 Kg6 0-1

[Event "I Memorial Oliver Gonzalez Somoza"]
[Site "Madrid ESP"]
[Date "2010.10.12"]
[Round "4.31"]
[White "Marcos Herrero, Francisco"]
[Black "Labarta Gonzalez-Vallarino, Ivan"]
[Result "0-1"]
[WhiteElo "1880"]
[BlackElo "2129"]
[PlyCount "62"]
[EventDate "2010.10.09"]
[EventType "swiss"]
[EventRounds "9"]
[EventCountry "ESP"]
[Source "lmi"]
[SourceDate "2010.10.09"]

1. Nf3 Nf6 2. g3 g6 3. Bg2 Bg7 4. O-O O-O 5. d4 d6 6. Nc3 Nbd7 7. e4 e5 8. dxe5
dxe5 9. Qe2 c6 10. Rd1 Qc7 11. a4 a5 12. b3 Re8 13. Ba3 Bf8 14. Bxf8 Nxf8 15.
Rd2 Bg4 16. h3 Bxf3 17. Qxf3 Kg7 18. Rad1 Ne6 19. Ne2 Rad8 20. Qc3 Rxd2 21.
Rxd2 Rd8 22. f4 Qb6+ 23. Kh2 Rxd2 24. Qxd2 Qf2 25. fxe5 Nxe4 26. Qd3 N4c5 27.
Qd2 h6 28. h4 g5 29. hxg5 Nxg5 30. Kh1 Nce4 31. Qd3 Qxe2 0-1

[Event "I Memorial Oliver Gonzalez Somoza"]
[Site "Madrid ESP"]
[Date "2010.10.12"]
[Round "4.32"]
[White "Mansilla Tolosa, Luis E"]
[Black "Molina Garcia, Francisco J"]
[Result "1/2-1/2"]
[WhiteElo "2107"]
[BlackElo "1861"]
[PlyCount "35"]
[EventDate "2010.10.09"]
[EventType "swiss"]
[EventRounds "9"]
[EventCountry "ESP"]
[Source "lmi"]
[SourceDate "2010.10.09"]

1. d4 Nf6 2. c4 c5 3. d5 b5 4. cxb5 a6 5. e3 axb5 6. Bxb5 Qa5+ 7. Nc3 Bb7 8.
Bd2 Qb6 9. Qb3 e6 10. e4 Nxe4 11. Nxe4 Bxd5 12. Qd3 Qb7 13. f3 c4 14. Bxc4 Bxc4
15. Qxc4 d5 16. Qc2 dxe4 17. Qxe4 Qxb2 18. Rb1 1/2-1/2

[Event "I Memorial Oliver Gonzalez Somoza"]
[Site "Madrid ESP"]
[Date "2010.10.12"]
[Round "4.33"]
[White "Minondo Torres, Alvaro"]
[Black "Lopez De Turiso Sanchez, Jose A"]
[Result "1/2-1/2"]
[WhiteElo "1839"]
[BlackElo "2097"]
[PlyCount "114"]
[EventDate "2010.10.09"]
[EventType "swiss"]
[EventRounds "9"]
[EventCountry "ESP"]
[Source "lmi"]
[SourceDate "2010.10.09"]

1. d4 d5 2. c4 e5 3. cxd5 Qxd5 4. dxe5 Qxd1+ 5. Kxd1 Nc6 6. Bf4 Nge7 7. Nf3 Ng6
8. Bg3 Bg4 9. Nc3 O-O-O+ 10. Kc1 Be7 11. e3 Bxf3 12. gxf3 Ngxe5 13. Be2 a6 14.
a3 h5 15. h4 Rd7 16. Kc2 Rhd8 17. Rad1 Rxd1 18. Rxd1 Rxd1 19. Bxd1 Kd7 20. Ne4
f5 21. Ng5 Kd6 22. Be2 g6 23. Kd2 Bxg5 24. hxg5 Kd5 25. f4 Nc4+ 26. Kc3 b5 27.
Bxc4+ bxc4 28. f3 Na7 29. a4 Nc8 30. b3 cxb3 31. Kxb3 Nd6 32. Kc3 c5 33. Bf2
Nb7 34. Kd3 c4+ 35. Kc3 a5 36. e4+ fxe4 37. f5 gxf5 38. fxe4+ fxe4 39. g6 Ke6
40. Kxc4 Kf6 41. Kd4 Kxg6 42. Kxe4 Nd6+ 43. Kd5 Nf5 44. Kc5 h4 45. Bxh4 Nxh4
46. Kb5 Nf5 47. Kxa5 Nd6 48. Kb6 Kf6 49. Kc6 Nc4 50. Kc5 Na5 51. Kb5 Nb7 52.
Kb6 Nd6 53. Kc6 Nc4 54. Kc5 Na5 55. Kb4 Nb7 56. Kb5 Ke6 57. Kb6 Nd6 1/2-1/2

[Event "I Memorial Oliver Gonzalez Somoza"]
[Site "Madrid ESP"]
[Date "2010.10.12"]
[Round "4.34"]
[White "Rodrigo Yanguas, Maria"]
[Black "Nieto Esteban, Manuel"]
[Result "1-0"]
[WhiteElo "2095"]
[BlackElo "1823"]
[PlyCount "35"]
[EventDate "2010.10.09"]
[EventType "swiss"]
[EventRounds "9"]
[EventCountry "ESP"]
[Source "lmi"]
[SourceDate "2010.10.09"]

1. e4 e5 2. Nf3 Nc6 3. d4 exd4 4. Nxd4 Bc5 5. Be3 Qf6 6. c3 Nge7 7. Bc4 O-O 8.
O-O a6 9. f4 d6 10. Kh1 Qh4 11. Nd2 Bg4 12. N2f3 Qh5 13. Qe1 Kh8 14. Qg3 Rae8
15. Ng5 Bd7 16. f5 Bxd4 17. cxd4 b5 18. Bb3 1-0

[Event "I Memorial Oliver Gonzalez Somoza"]
[Site "Madrid ESP"]
[Date "2010.10.12"]
[Round "4.35"]
[White "Nuñez Gutierrez, Juan Carlos"]
[Black "Ananian, Arman"]
[Result "1-0"]
[WhiteElo "2079"]
[BlackElo "1787"]
[PlyCount "133"]
[EventDate "2010.10.09"]
[EventType "swiss"]
[EventRounds "9"]
[EventCountry "ESP"]
[Source "lmi"]
[SourceDate "2010.10.09"]

1. e4 c5 2. Nf3 e6 3. d3 d6 4. c3 Nf6 5. Be2 Be7 6. O-O Nc6 7. h3 O-O 8. Be3 a6
9. a3 b5 10. Qc2 Bb7 11. Nbd2 Rc8 12. Rac1 d5 13. exd5 exd5 14. d4 c4 15. Ne5
Nxe5 16. dxe5 Nd7 17. Qf5 Rc6 18. Rcd1 Rg6 19. Nf3 Qc8 20. Rd2 Nc5 21. Qxc8
Rxc8 22. Bxc5 Rxc5 23. Nd4 Rc7 24. f4 Rb6 25. g4 Bc5 26. Kg2 Re7 27. Bf3 g6 28.
Nc2 a5 29. Bxd5 b4 30. axb4 axb4 31. cxb4 Bxb4 32. Nxb4 Rxb4 33. Bxb7 Rexb7 34.
Rff2 Rb3 35. f5 gxf5 36. gxf5 Re3 37. Rfe2 Rbb3 38. e6 fxe6 39. fxe6 Rxe2+ 40.
Rxe2 Rb8 41. Kf3 Kf8 42. Kf4 Ke7 43. Ke5 Rb3 44. Kd4 Rxh3 45. Kxc4 Rh6 46. Kd5
Rh5+ 47. Kc6 Rh4 48. Kc5 Rh5+ 49. Kb6 Rh4 50. Ka5 Rh5+ 51. Ka4 Rh6 52. b4 Rxe6
53. Rh2 Kd6 54. Rxh7 Re5 55. b5 Re1 56. Ka5 Ra1+ 57. Kb6 Rb1 58. Rh5 Ra1 59.
Rc5 Ra2 60. Rc1 Ra3 61. Kb7 Ra2 62. b6 Ra3 63. Rd1+ Kc5 64. Kc7 Ra6 65. Rc1+
Kb5 66. b7 Ra7 67. Kc8 1-0

[Event "I Memorial Oliver Gonzalez Somoza"]
[Site "Madrid ESP"]
[Date "2010.10.12"]
[Round "4.36"]
[White "Vidaurre, Luis"]
[Black "Martin Duque, Jesus"]
[Result "0-1"]
[WhiteElo "1860"]
[BlackElo "2073"]
[PlyCount "84"]
[EventDate "2010.10.09"]
[EventType "swiss"]
[EventRounds "9"]
[EventCountry "ESP"]
[Source "lmi"]
[SourceDate "2010.10.09"]

1. d4 Nf6 2. Nf3 d5 3. Bf4 c5 4. e3 Nc6 5. c4 Bf5 6. Nc3 e6 7. Nb5 Rc8 8. dxc5
Bxc5 9. a3 a6 10. Nc3 O-O 11. Bg5 d4 12. exd4 Nxd4 13. Nxd4 Bxd4 14. Rc1 Qb6
15. Qe2 Ng4 16. Bh4 Ne5 17. Na4 Qa5+ 18. Qd2 Bxf2+ 19. Bxf2 Qxa4 20. Be2 Rfd8
21. Qb4 Qxb4+ 22. axb4 Bd3 23. Bb6 Rd7 24. c5 Bxe2 25. Kxe2 Rd4 26. Ba5 Kf8 27.
Rhd1 Rxd1 28. Kxd1 Ke7 29. Kc2 Nc6 30. Kb3 e5 31. Bb6 Ke6 32. Kc4 Nd4 33. Re1
f5 34. g3 g5 35. Re3 f4 36. Re1 h5 37. Rf1 f3 38. h3 g4 39. hxg4 hxg4 40. Kd3
Nf5 41. b3 e4+ 42. Kc4 Ne3+ 0-1

[Event "I Memorial Oliver Gonzalez Somoza"]
[Site "Madrid ESP"]
[Date "2010.10.12"]
[Round "4.41"]
[White "Calderon Rojo, Daniel"]
[Black "Avendaño Mateos, Jose"]
[Result "0-1"]
[WhiteElo "1743"]
[BlackElo "1992"]
[PlyCount "84"]
[EventDate "2010.10.09"]
[EventType "swiss"]
[EventRounds "9"]
[EventCountry "ESP"]
[Source "lmi"]
[SourceDate "2010.10.09"]

1. e4 c6 2. d4 d5 3. exd5 cxd5 4. Bd3 Nf6 5. h3 Nc6 6. c3 g6 7. Nf3 Bf5 8. O-O
Bg7 9. Bf4 Bxd3 10. Qxd3 O-O 11. Re1 a6 12. Nbd2 b5 13. b4 e6 14. Ne5 Nxe5 15.
Bxe5 Qb6 16. Nb3 Ne4 17. Bxg7 Kxg7 18. Nc5 Nxc5 19. bxc5 Qc6 20. Rab1 Rae8 21.
f4 Qc7 22. Qf3 f6 23. Re2 Re7 24. Rbe1 Rfe8 25. Kf2 h5 26. g3 Kf7 27. g4 hxg4
28. Qxg4 f5 29. Qg5 Qa5 30. Qh6 Rg8 31. Rg1 Qxc3 32. h4 Qxd4+ 33. Kf1 Qd3 34.
Rxg6 Qf3+ 35. Ke1 Rxg6 36. Qh7+ Rg7 37. Qh6 Qg3+ 38. Kd2 Qg6 39. Qg5 Qxg5 40.
hxg5 Rc7 41. Kd3 Rxc5 42. Kd4 Rc4+ 0-1

[Event "I Memorial Oliver Gonzalez Somoza"]
[Site "Madrid ESP"]
[Date "2010.10.12"]
[Round "4.43"]
[White "Gonzalo Gonzalez, Francisco"]
[Black "Lozano Sanchez, Jose Antonio"]
[Result "1-0"]
[WhiteElo "1784"]
[BlackElo "1914"]
[PlyCount "47"]
[EventDate "2010.10.09"]
[EventType "swiss"]
[EventRounds "9"]
[EventCountry "ESP"]
[Source "lmi"]
[SourceDate "2010.10.09"]

1. e4 e5 2. Nf3 Nc6 3. Bc4 Bc5 4. d3 h6 5. c3 Nf6 6. b4 Bb6 7. b5 Na5 8. Nxe5
O-O 9. O-O d6 10. Nf3 Nxc4 11. dxc4 Nxe4 12. Bb2 Bg4 13. h3 Bh5 14. Nbd2 Nxd2
15. Qxd2 Bxf3 16. gxf3 Qh4 17. Kh2 Qxc4 18. Rg1 Kh7 19. Rg4 Qe6 20. Rag1 Rg8
21. c4 f6 22. Rg6 Qxc4 23. Bxf6 Qf7 24. Qc2 1-0

[Event "I Memorial Oliver Gonzalez Somoza"]
[Site "Madrid ESP"]
[Date "2010.10.12"]
[Round "4.44"]
[White "Montoya Pecurul, Marc"]
[Black "Rodriguez Bachiller, Luis"]
[Result "1/2-1/2"]
[WhiteElo "1629"]
[BlackElo "1903"]
[PlyCount "99"]
[EventDate "2010.10.09"]
[EventType "swiss"]
[EventRounds "9"]
[EventCountry "ESP"]
[Source "lmi"]
[SourceDate "2010.10.09"]

1. e4 c5 2. Nf3 d6 3. d4 cxd4 4. Nxd4 Nf6 5. Nc3 g6 6. f3 Bg7 7. Be3 O-O 8. Qd2
Nc6 9. O-O-O Bd7 10. h4 Qa5 11. g4 Ne5 12. Kb1 Rfc8 13. h5 Nc4 14. Bxc4 Rxc4
15. hxg6 fxg6 16. Nb3 Qc7 17. Qh2 Rxc3 18. bxc3 Qxc3 19. Bd4 Qxf3 20. Rdf1 Qxg4
21. Bxf6 exf6 22. Qxh7+ Kf7 23. Rfg1 Qxe4 24. Rh4 Qf5 25. Nd4 Rh8 26. Qxh8 Qf2
27. Qd8 Qxg1+ 28. Kb2 Bc6 29. Qc7+ Kg8 30. Qd8+ Kf7 31. Qxd6 f5 32. Qc7+ Kg8
33. Qd8+ Bf8 34. Qf6 Bg7 35. Qd8+ Bf8 36. Nxc6 bxc6 37. Rb4 Qc5 38. Rb8 Qa3+
39. Kb1 Qc5 40. Qf6 g5 41. Qxg5+ Kf7 42. Qh5+ Kf6 43. Qh8+ Kf7 44. Rb7+ Be7 45.
Qh7+ Kf6 46. Qh8+ Kf7 47. Qh2 Kf6 48. Qg3 a5 49. Kb2 Qd4+ 50. Kb1 1/2-1/2

[Event "I Memorial Oliver Gonzalez Somoza"]
[Site "Madrid ESP"]
[Date "2010.10.12"]
[Round "4.47"]
[White "Cabañas Jimenez, Manuel"]
[Black "Pablos Tenrero, Raquel"]
[Result "0-1"]
[WhiteElo "2141"]
[BlackElo "1884"]
[PlyCount "104"]
[EventDate "2010.10.09"]
[EventType "swiss"]
[EventRounds "9"]
[EventCountry "ESP"]
[Source "lmi"]
[SourceDate "2010.10.09"]

1. e4 e5 2. f4 Bc5 3. Nf3 d6 4. c3 Nf6 5. d4 exd4 6. cxd4 Bb6 7. Nc3 Nc6 8. Bb5
O-O 9. O-O Bg4 10. Bxc6 bxc6 11. Be3 Qe7 12. Qc2 Bf5 13. Ne5 dxe5 14. dxe5
Bxe3+ 15. Kh1 Nxe4 16. Nxe4 Bxe4 17. Qxe4 Bb6 18. Rae1 Rad8 19. f5 Qg5 20. h4
Qh5 21. g3 Rd4 22. Qxc6 Qg4 23. Qg2 Rd3 24. Kh2 Rfd8 25. Rf4 Qh5 26. Kh3 g5 27.
Rg4 h6 28. e6 fxe6 29. Rxe6 R3d6 30. Qe4 Rd4 31. Qe2 Qxg4+ 32. Qxg4 Rxg4 33.
Kxg4 gxh4 34. gxh4 Rd2 35. Rxh6 Rxb2 36. f6 Kf7 37. Kf5 Rb5+ 38. Ke4 Ra5 39. h5
Rxa2 40. Kf5 Ra5+ 41. Ke4 Rc5 42. Rh8 Kxf6 43. Kf4 Rc4+ 44. Kg3 Kg7 45. Re8 Kh6
46. Rh8+ Kg7 47. Re8 a5 48. Ra8 Rd4 49. Kh3 a4 50. Kg3 Kh6 51. Rh8+ Kg5 52. h6
Kg6 0-1

[Event "I Memorial Oliver Gonzalez Somoza"]
[Site "Madrid ESP"]
[Date "2010.10.12"]
[Round "4.48"]
[White "Galan Aguado, Fernando"]
[Black "Ramos Aldoradin, John Paul"]
[Result "0-1"]
[WhiteElo "1823"]
[BlackElo "2126"]
[PlyCount "64"]
[EventDate "2010.10.09"]
[EventType "swiss"]
[EventRounds "9"]
[EventCountry "ESP"]
[Source "lmi"]
[SourceDate "2010.10.09"]

1. d4 e6 2. Nf3 Nf6 3. e3 b6 4. Nbd2 Bb7 5. Bd3 d5 6. O-O Nbd7 7. b3 Be7 8. Bb2
O-O 9. Ne5 Nxe5 10. dxe5 Nd7 11. f4 Nc5 12. Bxh7+ Kxh7 13. Qh5+ Kg8 14. Rf3 f5
15. Rh3 Qd7 16. Qg6 Ne4 17. Rh7 Bg5 18. Nf3 Qf7 19. Rxg7+ Qxg7 20. Qxg7+ Kxg7
21. fxg5 c5 22. h4 Kg6 23. Rf1 Bc6 24. Kh2 Be8 25. g3 Kg7 26. Kg2 Bh5 27. Ne1
c4 28. bxc4 Nd2 29. Rf4 Nxc4 30. Bd4 Rac8 31. Nd3 Na3 32. c3 Nb5 0-1

[Event "I Memorial Oliver Gonzalez Somoza"]
[Site "Madrid ESP"]
[Date "2010.10.12"]
[Round "4.49"]
[White "Garcia Galeote, Lorenzo"]
[Black "Tevar Sanz, Gonzalo"]
[Result "1-0"]
[WhiteElo "2040"]
[BlackElo "1878"]
[PlyCount "129"]
[EventDate "2010.10.09"]
[EventType "swiss"]
[EventRounds "9"]
[EventCountry "ESP"]
[Source "lmi"]
[SourceDate "2010.10.09"]

1. Nf3 Nf6 2. g3 g6 3. Bg2 Bg7 4. O-O O-O 5. d3 c5 6. e4 d6 7. Re1 Nc6 8. c3 e5
9. d4 cxd4 10. cxd4 Bg4 11. d5 Nd4 12. Qd3 Bxf3 13. Bxf3 Rc8 14. Na3 Qb6 15. b3
Qb4 16. Bb2 Nxf3+ 17. Qxf3 Rc7 18. Qe2 Rfc8 19. Nc4 b5 20. Ba3 Qc3 21. Nxd6 Qa5
22. Nxc8 Qxa3 23. Nxa7 Qxa7 24. Qxb5 Rc2 25. Re2 Rc5 26. Qd3 Bf8 27. Rc2 Ng4
28. Rf1 Rxc2 29. Qxc2 Bc5 30. b4 Bf8 31. Rd1 Nf6 32. d6 Qd7 33. f3 Bxd6 34. Kg2
Ne8 35. a4 Qb7 36. b5 Kg7 37. Rc1 Qa7 38. Qb3 Bc7 39. Rc6 Bb6 40. Qb4 Bg1 41.
b6 Qb7 42. Qb5 Qd7 43. Qd5 Qe7 44. Qb3 Qd7 45. Rc2 Qd1 46. b7 Ba7 47. Qb2 Qg1+
48. Kh3 Qf1+ 49. Rg2 Qxf3 50. Qxe5+ Kf8 51. Qh8+ Ke7 52. Qxh7 Nf6 53. Qh4 Ke6
54. e5 Qf5+ 55. g4 Qxe5 56. Qg3 Ne4 57. Qxe5+ Kxe5 58. Rc2 Nd6 59. Rc8 Nxb7 60.
Rc7 Nc5 61. Rxa7 f5 62. gxf5 gxf5 63. Ra5 Kd4 64. Rxc5 Kxc5 65. Kg3 1-0